=LDR 00000nam 2200000 4500 =001 INLIS000000000037006 =005 20130612142746 =008 ***********************************Ind** =035 ##$$0010-061300000037006 =041 ##$$a Ind =082 ##$$a 591 =090 ##$$a 591, Dam l =100 ##$$a Dami, Andrea =245 ##$$a Lihat sekelilingmu hewan, Andrea Dami ; alih bahasa Rosi L Simamora =260 ##$$a 2008 $b Jakarta =300 ##$$a 8 hlm, ilus, 32 cm =650 ##$$a Binatang =700 ##$$a Sinmamora, Rosi =850 ##$$a NBPNMAT